00908nam a22002537a 4500001001000000003000900010005001700019007000300036008003400039040005400073041001000127072001500137110005700152245018600209260004200395300001000437500011000447650001000557650001500567650001700582650001900599650001400618650002200632BR7314242BR-BrBNA20230928084258.0ta230509b bl.||||| |||| 00| 0 por d aBR-BrBNAbporcBiblioteca Nacional de Agricultura a(Por) aE10b/G5141 aFundacao Getulio Vargas, Rio de Janeiro, GB (Brasil)1 aCeara, Pernambuco, Minas Gerais, Espirito Santo, Sao Paulo e Rio Grande do Sul, pesquisa sobre as caracteristicas economicas das exploracoes rurais, resultados preliminares [Brasil]3 aRio de Janeiro, GB (Brasil): c1971.  a26 p. a(*) Documento disponível no(a) Instituto de Pesquisa Agropecuaria do Leste, Cruz das Almas, BA (Brazil) aCEARA aPERNAMBUCO aMINAS GERAIS aESPIRITO SANTO aSAO PAULO aRIO GRANDE DO SUL